New codes of practice (Record no. 74039)
[ view plain ]
| 000 -LEADER | |
|---|---|
| fixed length control field | 01178cab a2200205 4500 |
| 001 - CONTROL NUMBER | |
| control field | ABS67308 |
| 008 - FIXED-LENGTH DATA ELEMENTS--GENERAL INFORMATION | |
| fixed length control field | 040107n2003 000 0 eng u |
| 035 ## - SYSTEM CONTROL NUMBER | |
| System control number | (Sirsi) u124750 |
| 100 ## - MAIN ENTRY--PERSONAL NAME | |
| Personal name | Williams, P. |
| 245 ## - TITLE STATEMENT | |
| Title | New codes of practice |
| 260 ## - PUBLICATION, DISTRIBUTION, ETC. | |
| Date of publication, distribution, etc. | 2003 |
| 490 ## - SERIES STATEMENT | |
| Series statement | Access by Design |
| Volume/sequential designation | (97) Winter 2003, 6-9(3) |
| 520 ## - SUMMARY, ETC. | |
| Summary, etc. | Looks at two new codes of practice for the Disability Discrimination Act 1995Part II, issued for consultation by the Disability Rights Commission (DRC), to replace existing codes. The two replacements are longer than the originals, partially because the law is now more complicated and partially because they contain more examples of how the new law is intended to operate. View "Draft code of practice: trade organisations and qualifications bodies" and "Draft code of practice: employment and occupation" at www.drc-gb.org. |
| 590 ## - LOCAL NOTE (RLIN) | |
| Local note | ABS |
| 650 ## - SUBJECT ADDED ENTRY--TOPICAL TERM | |
| Topical term or geographic name entry element | MANAGEMENT-BUSINESS MANAGEMENT-DISCRIMINATION-DISABILITY DISCRIMINATION-ACCESSIBILITY |
| 650 ## - SUBJECT ADDED ENTRY--TOPICAL TERM | |
| Topical term or geographic name entry element | DISABILITY DISCRIMINATION ACT 1995 |
| 690 ## - LOCAL SUBJECT ADDED ENTRY--TOPICAL TERM (OCLC, RLIN) | |
| Topical term or geographic name as entry element | BUILT ENVIRONMENT-BUILDING STANDARDS |
| 856 ## - ELECTRONIC LOCATION AND ACCESS | |
| Uniform Resource Identifier | <a href="https://www.drc-gb.org">https://www.drc-gb.org</a> |
| Public note | View the draft codes on the DRC website... |
| 942 ## - ADDED ENTRY ELEMENTS (KOHA) | |
| Suppress in OPAC | 0 |
| Withdrawn status | Lost status | Source of classification or shelving scheme | Damaged status | Not for loan | Home library | Current library | Shelving location | Date acquired | Total Checkouts | Full call number | Barcode | Date last seen | Copy number | Price effective from | Koha item type |
|---|---|---|---|---|---|---|---|---|---|---|---|---|---|---|---|
| Dewey Decimal Classification | London | London | Journal article | 07/01/2004 | ABS67308 | 124750-1001 | 06/08/2019 | 1 | 06/08/2019 | Journal article |